|
|
|
|
| LEADER |
00000ckm a2200000 a 4500 |
| 001 |
vtls001205652 |
| 003 |
SK-MaSNL |
| 005 |
20260331203127.0 |
| 007 |
kf co |
| 008 |
230718s1988 xo g 0kuslo |
| 015 |
|
|
|a SNBG1988
|
| 035 |
|
|
|a SNK000148722
|
| 035 |
|
|
|a urn:nbn:sk:snk-km3lvz9
|
| 035 |
|
|
|a 128D782D-85A2-4A85-B8B9-889AD39090C2
|
| 035 |
|
|
|a urn:nbn:sk:snk-km00drpc
|
| 040 |
|
|
|a SNK
|b slo
|c SNK
|e AACR2
|
| 041 |
0 |
|
|a slo
|
| 043 |
|
|
|a e-xo---
|
| 044 |
|
|
|a xo
|c SK
|
| 072 |
|
7 |
|a 913
|x Regionálna geografia
|2 konspekt
|
| 080 |
|
|
|a 913(437.6)
|2 2011
|
| 080 |
|
|
|a (084.121)
|2 2011
|
| 080 |
|
|
|a 711.582
|2 2011
|
| 080 |
|
|
|a 640.412
|2 2011
|
| 080 |
|
|
|a 627.81
|2 2011
|
| 100 |
1 |
|
|a Valovič, Dušan,
|d 1945-
|4 pht
|9 177134
|
| 245 |
1 |
0 |
|a Prievidza, Dlhá ulica
|h grafika
|c foto: D. Valovič ; výtvarný návrh: J. Voskár
|
| 246 |
3 |
1 |
|a Dom služieb v Bojniciach
|
| 246 |
3 |
1 |
|a Nitrianske Rudno
|
| 246 |
3 |
1 |
|a Hotel Vyšehrad v Nitrianskom Pravne
|
| 260 |
|
|
|a Bratislava
|b ČSTK-Pressfoto
|c 1988
|e Skalica
|f Grafobal
|
| 300 |
|
|
|a 1 pohľadnica (4 čiastkové pohľady)
|b farebná
|c 15 x 11 cm
|
| 500 |
|
|
|a Dokument zobrazuje štyri samostatné lokality
|
| 520 |
8 |
|
|a Zobrazenie: V hnedobieložltom orámovaní pohľady na sídlisko v Prievidzi, Dom služieb v Bojniciach, vodnú nádrž v Nitrianskom Rudne a hotel v Nitrianskom Pravne
|
| 610 |
2 |
7 |
|a Hotel Vyšehrad (Nitrianske Pravno, Slovensko)
|2 SNKKA
|9 368799
|
| 650 |
0 |
7 |
|a sídliská
|2 SNKPH
|9 26585
|
| 650 |
0 |
7 |
|a vodné nádrže
|2 SNKPH
|9 4190
|
| 650 |
0 |
7 |
|a hotely
|2 SNKPH
|9 18422
|
| 651 |
|
7 |
|a Prievidza (Slovensko)
|2 SNKPHgeo
|9 25558
|
| 651 |
|
7 |
|a Bojnice (Slovensko)
|2 SNKPHgeo
|9 30288
|
| 651 |
|
7 |
|a Nitrianske Rudno (Slovensko)
|2 SNKPHgeo
|9 117510
|
| 651 |
|
7 |
|a Nitrianske Pravno (Slovensko)
|2 SNKPHgeo
|9 246077
|
| 655 |
|
7 |
|a miestne pohľadnice
|2 SNKPH
|9 70510
|
| 700 |
1 |
|
|a Voskár, J.
|c (grafik)
|4 art
|9 283341
|
| 852 |
|
|
|a Slovenská národná knižnica
|
| 954 |
|
|
|a pohľadnice pôvodné (slovenské)
|2 lita
|
| 958 |
|
|
|a GBN
|
| 958 |
|
|
|a TL
|
| 958 |
|
|
|a GC
|
| 958 |
|
|
|a OND
|
| 958 |
|
|
|a EUIPO
|
| 999 |
|
|
|c 613140
|d 615070
|
| 952 |
|
|
|a SNK
|b SNK
|y PREZ
|7 0
|p 17A1296044
|o snkSP 141813
|i snk1114/90
|0 0
|1 0
|4 0
|d 2019-04-05
|f 1
|l 0
|r 2026-02-23 16:29:31
|w 2026-02-23
|
| 952 |
|
|
|a SNK
|b SNK
|y PREZ
|7 0
|p 17A1296033
|o snkSP 141813 D1
|i snk1113/90
|0 0
|1 0
|4 0
|d 2019-04-05
|l 0
|r 2026-02-23 16:29:31
|w 2026-02-23
|